32 Counties of Ireland - Statistics

General Stats
  • This quiz has been taken 329 times
  • The average score is 23 of 32
Answers on the Map
Answers color-coded by a green-red scale on the quiz's map according to % correct below.
 
Answer Stats
Answer % Correct
Cork
95%
Dublin
93%
Derry
88%
Galway
86%
Mayo
84%
Donegal
82%
Waterford
80%
Limerick
79%
Kerry
78%
Kilkenny
76%
Clare
75%
Wexford
75%
Antrim
74%
Sligo
74%
Meath
73%
Armagh
72%
Down
72%
Westmeath
69%
Wicklow
68%
Tipperary
67%
Tyrone
67%
Fermanagh
66%
Kildare
62%
Roscommon
62%
Leitrim
61%
Cavan
59%
Louth
59%
Monaghan
59%
Laois
58%
Carlow
56%
Longford
55%
Offaly
54%
No matching quizzes found
Score Distribution
Percent of People with Each Score
Percentile by Number Answered
Your Score History
You have not taken this quiz